LEADER 01648nam a2200241 i 4500 001 000000031407 003 CaOOAMICUS 005 20180830125449.0 008 180830s1696 fr u000 u und u 040 $aSeMil$bita 240 13$aLa bibliotheque des predicateurs, qui contient les principaux sujets de la morale chretienne [sulle ed. successive].$0(OLS)http://semarc/title/42703 245 10$aSermons sur tous les sujets de la morale chretienne. Par le R. Pére ** de la Compagnie de Jesus. 1. [-6.] partie. 260 $aA Paris :$bChez Jean Boudot,$c1696-1702. 300 $a19 v. ;$c12°. 500 $aIl nome dell'A. figura nella pref. del vol. 4.4., cfr. Backer-Sommervogel, V, coll. 485-486. - La sottoscrizione varia. - I due vol. che compongono la Premier partie in 8°. 700 1 $aHoudry, Vincent,$c.$0(OLS)http://semarc/name/1297 700 1 $aBoudot, Jean,$c.$0(OLS)http://semarc/name/14498 774 0 $tQuatrième partie. Contenant les sermons sur tous les dimanches de l'année. Tome premier.$g4$w()238919 774 0 $tQuatrième partie. Contenant les sermons sur tous les dimanches de l'année. Tome quatrième.$g4$w()238920 774 0 $tQuatrième partie. Contenant les sermons sur tous les dimanches de l'année. Tome second.$g4$w()238921 774 0 $tQuatrième partie. Contenant les sermons sur tous les dimanches de l'année. Tome trosième.$g4$w()238922 996 $6245$aSermons sur tous les sujets de la morale chretienne. Par le R. Pére ** de la Compagnie de Jesus. 1. [-6.] partie$9(OLS)http://semarc/title/42702 996 $6260$aA Paris :$bChez Jean Boudot$9(OLS)http://semarc/publisher/38891 LEADER 01280nam a2200289 i 4500 001 000000111848 003 CaOOAMICUS 005 20240605150411.0 008 030131s1997 it u000 u ita u 020 $a88-7048-300-2 040 $aSeMil$bita 100 1 $aSichera, Antonio,$d<1964- >.$0(OLS)http://semarc/name/46872 245 13$aLa consegna del figlio :$b«Poesia in forma di rosa» di Pasolini /$cAntonio Sichera. 264 1$aLecce :$bMilella,$c1997. 300 $a223 p. ;$c19 cm. 490 1 $aLa scrittura possibile : letteratura, critica, teoria ;$v17 541 0 $aFondo card. C.M. Martini (1O I 441) 650 4$aPasolini, Pier Paolo <1922-1975> - Opere - Studi.$0(OLS)http://semarc/subject/19963 830 3$aLa scrittura possibile : letteratura, critica, teoria ;$v17.$0(OLS)http://semarc/title/11244 850 $aSeMil 852 $aSeMil$W1$xVenegono$y1$m1O I 441$j248629$B67658$CSeMilBibl$Z2$F86849 $81 941 1 $a4 961 $aOmaggio: Martini Card. Carlo Maria 996 $6020$a88-7048-300-2$9(OLS)http://semarc/number/94196 996 $6245$aLa consegna del figlio :$b«Poesia in forma di rosa» di Pasolini$9(OLS)http://semarc/title/162941 996 $6264$aLecce :$bMilella$9(OLS)http://semarc/publisher/30412